[Event "United Insurance 6th"]
[Site "Dhaka"]
[Date "2003.03.12"]
[Round "5"]
[White "Magem Badals, Jordi"]
[Black "Dzhumaev, Marat"]
[Result "0-1"]
[WhiteElo "2493"]
[BlackElo "2507"]
[Annotator "Avrukh,B"]
[PlyCount "60"]
[EventDate "2003.03.08"]
[EventType "tourn"]
[EventRounds "13"]
[EventCountry "BAN"]
[EventCategory "9"]
[SourceTitle "CBM 095"]
[Source "ChessBase"]
[SourceDate "2003.07.25"]
[SourceVersion "1"]
[SourceVersionDate "2003.07.25"]
[SourceQuality "1"]

1. e4 g6 2. d4 Bg7 3. Nc3 d6 4. Bg5 c6 5. Qd2 b5 6. f4 Nd7 7. Nf3 b4 8. Ne2 ({
Another interesting option is -} 8. Nd1 {[%cal Gd1f2]} Ngf6 9. Nf2 O-O $5 10.
Bd3 (10. Qxb4 c5) 10... Qb6 11. c4 $5 h6 $2 (11... bxc3 12. bxc3 Ba6) 12. Bh4
e5 13. c5 $1 $16 {1/2-1/2 Filipenko,A-Belov,I/Moscow 1992/EXT 97 (53)}) 8... a5
9. Ng3 Ngf6 $146 {Probably this move is much better than previously played 9...
h6, but still in my opinion black's position remains suspicious.} (9... h6 10.
Bh4 c5 11. e5 $1 {[%csl Gg7,Gg8]} Qb6 12. dxc5 Nxc5 13. O-O-O Bb7 14. exd6
O-O-O 15. Bc4 Rxd6 16. Qe2 $40 {1-0 Sutovsky,E-Elsness,F/Gausdal 1995/CBM 47
ext (23)}) 10. f5 (10. Bd3) 10... d5 (10... h6 11. Bf4 g5 12. Be3 $16) (10...
Nb6 $142 11. Bd3 Ba6 12. O-O-O $40) 11. Bh6 $2 ({Much more to the point was:} 
11. e5 $142 $1 Ne4 12. Qf4 {with very dangerous initiative, for example:} (12.
Nxe4 $143 dxe4 13. Nh4 Nb6 $13 (13... h6 14. fxg6 hxg5 15. gxf7+ Kxf7 16. e6+
$40)) 12... f6 (12... Nxg5 13. Nxg5 O-O 14. fxg6 fxg6 15. Qh4 h6 16. Ne6 $18)
13. Bh6 $40) 11... Bxh6 (11... Nxe4 $143 12. Nxe4 Bxh6 13. Qxh6 dxe4 14. Ng5
Nf6 15. Bc4 Rf8 16. Qg7 $40) 12. Qxh6 dxe4 13. Ng5 ({Deserve serious attention
} 13. Ne5 $5 Nxe5 $140 14. dxe5 Ng4 15. Qf4 $16 {[%cal Gh2h3]}) 13... Nb6 14.
fxg6 (14. Qg7 Rf8 15. N3xe4 Nh5 (15... Nxe4 $140 16. Nxh7 Nd7 17. fxg6 $18) 16.
Qxh7 Qxd4 {[%csl Ge1]}) 14... fxg6 15. Qg7 Rf8 16. Nxh7 (16. O-O-O Qd5 {
[%csl Ga2]} 17. Nxh7 Nxh7 18. Qxh7 Qxa2 19. Qxg6+ Kd8 $13) 16... Nxh7 17. Qxh7
Bf5 $13 {After almost a forced play a very unclear position had arised.
Suddenly white has a serious problems with his king, as it will be pretty
unsafe after long castle, black easily will create dangerous initiative with
Qd5, a4 and b3.} 18. Be2 (18. O-O-O $143 Qd5 19. Kb1 a4 $40 {[%cal Gb4b3]}) (
18. Nxf5 gxf5 19. Qg6+ Kd7 20. O-O-O Rf6 21. Qg5 Qg8 $1 {and black has a very
good play}) 18... Qd5 19. Rf1 $2 (19. O-O $142 $1 {of course, was the best
continuation, removing his king from the dangerous zone, white uses the fact
that black can hardly take white's central pawn .} Kd7 (19... Rf7 20. Qh6 O-O-O
21. c3) (19... Qxd4+ $140 20. Kh1 Qxb2 $2 (20... Nd5 $142) 21. Nxf5 gxf5 22.
Rad1 {[%csl Ge8]} Nd5 23. Qg6+ Kd7 24. Rxd5+ $1 (24. Bb5 $2 Rf6 $1) 24... cxd5
25. Bb5+ Kc7 26. Qc6+ Kb8 27. Qb6+ Kc8 28. Qc5+ $1 Kb8 29. Bc6 $18 {[%cal
Gc5b5]}) 20. Rf2 $13 (20. c3 $5)) 19... Kd7 $1 (19... O-O-O $2 20. Qxe7) 20.
Nxf5 (20. Qh6 Na4 $5 {[%csl Gb2]}) 20... gxf5 21. a3 (21. Qh3 $142 e6 22. Qe3
Rh8 $15 {[%cal Ga8g8]}) 21... bxa3 22. Rxa3 Nc8 $2 {[%cal Gc8d6] Allows white
to consolidate it's position} (22... Qxd4 $142 $1 23. Rxf5 Qxb2 24. Qh3 {
[%csl Gd7]} (24. Bg4 Qc1+ 25. Ke2 Qxc2+ 26. Ke1 Qc1+ 27. Ke2 Kd6 $1 $19) 24...
e6 25. Rxf8 Rxf8 26. Qh7+ Kd6 $1 $17) 23. Qh6 Nd6 24. Qd2 $1 (24. Ra4 Rfb8 25.
b3 Rb4 $1) 24... a4 25. g4 (25. c3 e5 26. dxe5 Qxe5 27. g3 Rh8 $15) 25... f4 $1
{A very clever try to create some problems for white, which appears to be a
successful one.} (25... e5 26. dxe5 Qxe5 27. Rh3 $1 $13 {[%cal Gh3h7]} f4 $140
$2 28. Rh5 {[%csl Gf4]} Qf6 29. Rh7+ Ke8 30. g5 $1 $18 {[%csl Re8]}) 26. Rxf4
Rxf4 27. Qxf4 Qxd4 28. c3 Qg1+ 29. Qf1 $4 ({After right} 29. Bf1 $142 {white
easily holds in all lines} Rb8 (29... Nc4 30. Ra1 {[%cal Ga1d1]} Nxb2 31. Qf5+
Ke8 32. Qxe4) (29... e3 30. Qg3 $11) (29... Rh8 30. Qg3 $1 Qxh2 31. Qxh2 Rxh2
32. Be2 $11 {[%csl Ga4]}) 30. Qf2 Qxf2+ 31. Kxf2 Rxb2+ 32. Ke3 Rxh2 33. Rxa4
$11) 29... Qb6 $1 $19 {[%csl Gb2] Very unexpected blow, suddenly white cannot
defend b2-pawn he loses the b-pawn and his position collapses immediately.} (
29... Qxh2 $143 30. Kd1 $15) 30. b3 (30. Ra2 Qb3) 30... axb3 (30... axb3 31.
Rxa8 b2 $19) 0-1

[Event "United Insurance 6th"]
[Site "Dhaka"]
[Date "2003.03.10"]
[Round "3"]
[White "Magem Badals, Jordi"]
[Black "Rahman, Ziaur"]
[Result "1/2-1/2"]
[WhiteElo "2493"]
[BlackElo "2542"]
[Annotator "Avrukh,B"]
[PlyCount "74"]
[EventDate "2003.03.08"]
[EventType "tourn"]
[EventRounds "13"]
[EventCountry "BAN"]
[EventCategory "9"]
[SourceTitle "CBM 095"]
[Source "ChessBase"]
[SourceDate "2003.07.25"]
[SourceVersion "1"]
[SourceVersionDate "2003.07.25"]
[SourceQuality "1"]

1. e4 g6 2. d4 Bg7 3. Nc3 c6 4. f4 Qb6 $5 {Recently a new and very interesting
attempt to decide opening problems in this line, as white is getting a clear
edge after normal:} (4... d5 5. e5) 5. Nf3 d5 6. exd5 $6 {Maybe a very
concrete approach, but quite dubious positionally, as black gets a very quick
and clear play against white's center.} (6. e5 Bg4 {should be the critical line
}) 6... Bg4 7. Bc4 (7. h3 Bxf3 8. Qxf3 Bxd4 (8... Qxd4 $5) 9. Bd2 Nf6 10. Na4
Qd8 11. c3 Bb6 12. dxc6 Nxc6 13. Nxb6 axb6 14. Bb5 O-O 15. Be3 $14 {0-1 Shaw,
J-Svetushkin,D/Bled 2002/EXT 2003 (40)}) (7. Be2 $5) 7... Nf6 $1 $146 {In my
opinion a clear improvement over last game played in this line.} (7... Bxf3 8.
Qxf3 Bxd4 9. Bd2 Nf6 10. O-O-O (10. dxc6 $142 Nxc6 11. Na4 Qc7 12. c3 Bb6 13.
Nxb6 Qxb6 14. O-O-O $14 {[%csl Gc4,Rd2]}) 10... cxd5 11. Bxd5 Nxd5 12. Qxd5 e6
13. Qc4 Nc6 14. Na4 Qc7 15. Nc5 O-O $11 {0-1 Gara,T-Prantner,J/HUN 1999/EXT
2002 (27)}) 8. O-O (8. dxc6 Nxc6 {[%csl Gd4]}) 8... O-O 9. Be3 (9. dxc6 Nxc6
10. Ne2 Rad8 11. c3 Bxf3 12. Rxf3 e5 $1 $132) (9. Bb3 cxd5 (9... Rd8 $5) 10.
Bxd5 Nxd5 (10... Rd8 11. Na4 Qc7 12. Bb3 $14) 11. Nxd5 Qd6 $11) 9... Bxf3 (9...
Qxb2 $143 10. Qd2 b5 11. Bb3 Bxf3 12. Rab1 (12. a3 {[%csl Gb2][%cal Gf1b1]}
Nxd5 13. Nxd5 Bxd5 14. Rfb1 Qxa1 15. Rxa1 e6 $11) 12... Qa3 13. Rxf3 a6 (13...
b4 14. Na4 {[%csl Ga3]}) 14. f5 $1 $40 {[%csl Ga3]}) 10. Qxf3 (10. Rxf3 Ng4 11.
Kh1 Qxb2 12. Bg1 Qb4 $13) 10... Qxb2 11. Bf2 Ng4 $1 {Once again the best reply}
(11... Qxc2 $143 12. Rfe1 Re8 (12... cxd5 13. Rac1 Qf5 14. Nxd5 Nxd5 15. Bxd5
Nc6 16. Bxc6 bxc6 17. Rxe7 $14 {[%csl Gc6]}) 13. Re2 Qf5 14. Rae1 $44) 12. Rab1
(12. Qxg4 Qxc3 13. Bb3 cxd5 14. Bxd5 Nc6 $15) 12... Qxc2 13. Qxg4 (13. Rbc1 Qf5
) 13... Qxc3 14. Rfc1 Qa5 {Till now both players played a very good game, but
right here white somehow overestimate their chances getting to clearly worse
position.} 15. Rxb7 $2 (15. Qf3 $142 $1 cxd5 16. Qxd5 (16. Bxd5 Nc6 17. Rxb7
Nxd4 18. Qe4 e6 $15) 16... Nc6 17. Rxb7 Rac8 $11) 15... cxd5 16. Bb3 (16. Rb5
$2 Qa3 $19 {[%csl Gc1]}) 16... e6 {[%csl Gb3]} 17. f5 $1 {The only chance to
complicate the game, otherwise white would get to a losing position easily.}
gxf5 (17... exf5 18. Qf3 {[%csl Rd5]}) 18. Qh5 {[%csl Gf7][%cal Gc1c7]} Na6 {
[%csl Gc7]} 19. g4 Qd2 $1 20. Rd1 Qe2 21. h3 fxg4 (21... Rab8 $5 22. Rxb8 (22.
Rxa7 $140 Rxb3 $19 {[%csl Rd1]}) 22... Rxb8 23. Re1 Qf3 24. Bd1 Qf4 25. gxf5
Nb4 {[%cal Gb4d3]} (25... Bxd4 26. Bxd4 Qxd4+ 27. Kh1 Nc5) 26. fxe6 fxe6 27.
Qg4 Nd3 28. Qxf4 Nxf4 29. Bg4 {and white has a good chances to survive in this
endgame}) 22. Re1 Qd3 $2 (22... Qf3 $1 23. Bc2 (23. Qxg4 Qxg4+ 24. hxg4 Rfb8
25. Rd7 Nb4 $1 $17 {[%cal Gb4d3]}) 23... h6 (23... Qxh3 24. Bxh7+ Kh8 25. Qxh3
gxh3 26. Bd3 $132) 24. Qxg4 Qxg4+ 25. hxg4 Rfc8 26. Bd3 Nb8 $1 $17 {[%cal
Gb8c6]}) 23. Qxg4 (23. hxg4 Rab8 $1) 23... Qg6 (23... Rfb8 24. Rd7 Qg6 (24...
Nb4 25. Rxe6) 25. Rc1 $44 {[%csl Ga6]}) 24. Rc1 $1 $44 {[%csl Ga6] Suddenly
being two pawns down, white is getting a good compensation due to the
bad-placed black knight.} Rfb8 25. Rd7 Rb4 (25... Rb6 $142 26. Kh2 (26. Be3))
26. Rc6 Rb6 27. Rxa7 $1 {[%mdl 64]} Rxa7 28. Rxb6 Bh6 (28... Qd3 29. Bxd5 $1
exd5 30. Qc8+ Bf8 31. Rb3 Rc7 32. Qxf8+ Kxf8 33. Rxd3 $11) 29. Bxd5 $1 $11 {
[%mdl 64]} Qxg4+ 30. hxg4 exd5 31. Rxh6 Nb4 32. Rb6 Nd3 (32... Nxa2 33. Bh4 Nc3
34. Bf6 h6 35. Rb8+ Kh7 36. Be5 $11) 33. Rb5 Rxa2 34. Be3 Kg7 35. Kf1 $1 {
[%csl Ge2] Last accurate move taking control over the e2-square.} (35. Rxd5 Re2
36. Bg5 Re4 37. Kg2 Rxg4+ 38. Kf3 h5 $15) 35... Nb2 36. Rxd5 Nc4 37. Bf4 f6
1/2-1/2

[Event "FRA-chT poule haute"]
[Site "France"]
[Date "2003.05.08"]
[Round "9.1"]
[White "Svidler, Peter"]
[Black "Shchekachev, Andrei"]
[Result "1-0"]
[WhiteElo "2713"]
[BlackElo "2572"]
[Annotator "Avrukh,B"]
[PlyCount "77"]
[EventDate "2003.05.07"]
[EventType "team"]
[EventRounds "4"]
[EventCountry "FRA"]
[SourceTitle "CBM 095"]
[Source "ChessBase"]
[SourceDate "2003.07.25"]
[SourceVersion "1"]
[SourceVersionDate "2003.07.25"]
[SourceQuality "1"]
[WhiteTeam "Paris NAO"]
[BlackTeam "Montpellier"]
[WhiteTeamCountry "FRA"]
[BlackTeamCountry "FRA"]

1. e4 d6 2. d4 g6 3. Nc3 Bg7 4. Be3 c6 5. h3 b5 6. Nf3 Nd7 7. Bd3 Qc7 8. O-O
Bb7 9. Re1 (9. a4 $5) 9... a6 (9... e5 $143 10. dxe5 (10. a4 a6) 10... dxe5 11.
a4 $1 {Typical idea in this line} b4 (11... a6 12. axb5 axb5 13. Rxa8+ Bxa8 14.
Qa1 Bb7 15. Qa7 Ne7 16. Qa3 $1 $40 {[%csl Ge8]}) 12. Nb1 a5 (12... Ngf6 13. a5
$1 $14) 13. Nbd2 Ngf6 14. Nb3 $14 {1/2-1/2 Kruppa,Y-Korotylev,A/Alushta 1994/
CBM 41/[Belov] (41)}) (9... Ngf6 $2 10. e5 $1 dxe5 $140 11. dxe5 Nxe5 $2 12.
Nxe5 Qxe5 13. Bh6 $16) 10. Qd2 $146 (10. Ne2 c5 (10... Ngf6 $5) 11. c3 Ngf6 12.
Ng3 h5 $2 (12... O-O $142) 13. Bg5 Nh7 14. Bd2 h4 15. Nf1 e5 16. Ne3 $16 {
1-0 Gheng,J-Reschke,T/Schwabisch Gmund 2002/EXT 2003 (27)}) 10... c5 $5 {
This idea looks very dangerous, since black is really behind in development,
but in Pirc we can see very often that black is very successful in such things.
} (10... Ngf6 $143 11. Bh6 O-O 12. Bxg7 Kxg7 13. e5 $40) 11. a4 ({After} 11.
dxc5 Nxc5 {black is clearly alright}) 11... b4 12. Nd5 Bxd5 13. exd5 c4 (13...
Ngf6 {Desreve serious attention} 14. dxc5 (14. Bg5 $143 c4 $1 15. Qe2 Nb6 16.
a5 cxd3 17. axb6 dxe2 18. bxc7 Nxd5 19. Rxa6 Kd7 $1 $15) 14... Nxc5 15. Bd4 (
15. Qxb4 $2 Nxd5) 15... Nxd3 $1 (15... O-O 16. Bf1 Rfe8 17. a5 $14) 16. Qxd3
O-O 17. c3 bxc3 18. bxc3 Rfe8 $11) 14. Bf1 c3 (14... a5 $140 $5 {[%csl Gd5]}
15. c3 (15. Qe2 Nb6 16. Nd2 Nf6 17. Nxc4 Nbxd5 $11) 15... b3 16. Qe2 Nb6 17.
Nd2 Rc8 {[%cal Gg8f6]}) 15. bxc3 bxc3 16. Qd3 (16. Qe2 $143 Ngf6 17. Bh6 O-O $1
{and black is fine}) 16... Ngf6 17. Bg5 O-O ({After} 17... h6 18. Bxf6 (18. Bh4
$140 $2 g5 $1 19. Bg3 Nxd5 $17) 18... Nxf6 (18... Bxf6 19. Ra3 {[%cal Ga3c3]})
19. Qc4 $1 (19. Ra3 $2 Nxd5 20. Qe4 Qc6 $17) 19... Qxc4 20. Bxc4 Kd7 21. Ra3 $1
{black has problems with defending c3-pawn}) (17... Nxd5 $2 18. Qe4 $1 $18 {
[%csl Ga8]}) 18. a5 {[%csl Ra6]} Rfc8 $6 (18... h6 $1 {was much more to the
point} 19. Bxf6 Nxf6 20. Qc4 Rfc8 21. Qa2 (21. Ra4 Qb7 $1 {[%csl Gd5]}) 21...
Rcb8 22. Rab1 Rb2 $1 23. Rxb2 cxb2 24. Qxb2 Nxd5 $11) (18... Nxd5 19. Qc4 (19.
Bxe7 Rfe8 20. Bg5 Nb4 $1) 19... e6 20. Qxc7 Nxc7 21. Be7 Rfc8 22. Bxd6 Nd5 23.
Reb1 Bf8 24. Bxf8 Kxf8 25. Rb7 $14) 19. Rxe7 Nxd5 20. Ree1 Nb4 (20... Rcb8 21.
Qc4 $1 $14) 21. Qe2 Nf6 {[%cal Gf6d5]} (21... Nc6 22. Qc4 $1) 22. Bxf6 $1 $14 {
Otherwise black would easily hold with second knight on d5} Bxf6 23. Ra4 Nc6 (
23... Rcb8 $143 24. Rb1 Nc6 (24... Nd5 25. Rxb8+ Qxb8 26. Qc4 Qb7 27. Ra3 $1
$16 {[%cal Ga3b3]}) 25. Rxb8+ Qxb8 26. Qe4 Ne7 27. Ra3 $16 {[%cal Ga3c3] and
black is losing c3-pawn} (27. Rb4 Qxb4 28. Qxa8+ Kg7 29. Qxa6 Nf5 $1 $132)) 24.
Rea1 ({Nothing gives-} 24. Qe4 Nxa5 25. Rea1 Nc6 26. Rxa6 Rxa6 27. Rxa6 Nb4 $11
{[%cal Gd6d5]}) 24... d5 25. R1a3 {[%cal Ga3c3]} Nd8 {[%cal Gd8e6]} 26. Qe3 (
26. Rb3 Rcb8 $1) 26... Ne6 27. g3 Be7 $2 {Untill this moment black was able to
defend his inferior position quite well, but right here he is missing white's
next idea.} (27... Qc6 $142 $1 {[%csl Ga4][%cal Gf6e7,Ga8b8] and not so clear,
how white can break through, for example:} 28. Ne5 (28. Rb4 Be7 29. Rb6 Bxa3
30. Rxc6 Rxc6 31. Ne5 Rc7 32. Bg2 Rd8 {and black should hold}) 28... Bxe5 29.
Qxe5 (29. dxe5 d4) 29... Rab8 {[%cal Gb8b1]} 30. Bg2 Rb5 $1 $11) 28. Rb3 Rab8
29. Rb6 $1 {A key idea which leaves black with very unpleasant postion} Rxb6
30. axb6 Qxb6 31. Rxa6 Qd8 (31... Qb7 32. Rxe6 $1 (32. Ne5 $143 {[%cal Ge5f7]}
Ng5 $1 {and black holds}) 32... fxe6 33. Qxe6+ Kg7 34. Ba6 Qb1+ 35. Kg2 Re8 36.
Qe5+ Kg8 37. Qxd5+ Kg7 38. Qe5+ {wins easily}) 32. Ne5 $1 $36 {Decisive
involvement, since black is unable to defend all his weaknesses.} Bg5 (32...
Bd6 33. Bg2 Nc7 34. Rc6 $16 {[%csl Gc3]}) (32... Qe8 33. Nxf7 $1 Qxf7 34. Rxe6
Bf6 35. Bg2 Rd8 36. Rc6 $18 {[%csl Gc3]}) 33. Nxf7 $1 $18 {The decisive
tactical blow, which leads to an easily winning position.} Bxe3 (33... Kxf7 34.
Qxe6+ Kg7 35. Rd6 {absolutely hopeless for black too}) 34. Nxd8 Bxf2+ (34...
Nxd4 35. fxe3 Nxc2 36. Nc6 $18 {[%cal Gc6e7]}) 35. Kxf2 Nxd8 36. Bg2 $1 {
[%csl Gd5] d5-pawn is falling and the rest is very easy since the c3-pawn is
falling soon.} Kg7 37. Bxd5 Rc7 38. Ke3 {[%csl Rc3][%cal Ge3d3]} Rd7 39. Ra5
1-0

[Event "POL-ch 60th"]
[Site "Warsaw"]
[Date "2003.05.02"]
[Round "11"]
[White "Staniszewski, Piotr"]
[Black "Urban, Klaudiusz"]
[Result "0-1"]
[WhiteElo "2446"]
[BlackElo "2451"]
[Annotator "Avrukh,B"]
[PlyCount "96"]
[EventDate "2003.04.22"]
[EventType "tourn"]
[EventRounds "13"]
[EventCountry "POL"]
[EventCategory "12"]
[SourceTitle "CBM 095"]
[Source "ChessBase"]
[SourceDate "2003.07.25"]
[SourceVersion "1"]
[SourceVersionDate "2003.07.25"]
[SourceQuality "1"]

1. e4 g6 2. d4 Bg7 3. Nc3 d6 4. Be3 a6 5. Qd2 b5 6. f3 Nd7 7. h4 h5 ({Black
has another playable opportunity-} 7... h6 $5) 8. Nh3 {[%cal Gh3g5] Using a
clear drawback of black's previous move. White has got a very nice square for
it's knight.} Bb7 9. Ng5 Ngf6 10. O-O-O e6 $5 $146 (10... c6 $143 $2 11. e5 $1
dxe5 12. dxe5 Nxe5 13. Qxd8+ Rxd8 14. Rxd8+ Kxd8 15. f4 Neg4 16. Nxf7+ Ke8 17.
Nxh8 Nxe3 18. Nxg6 $16 {1-0 Paci,C-Dobos,J/Budapest 2002/CBM 89 ext (60)}) (
10... O-O 11. g4 c5 12. gxh5 Nxh5 13. dxc5 (13. Bh3 $5) 13... b4 14. Nd5 dxc5
15. Bh3 Nb6 $132 {1-0 Karabalis,H-Schmidt,J/Bad Wildungen 1998/EXT 99 (35)})
11. e5 $5 (11. Kb1 $5) (11. Ne2 Qe7 12. Nf4 e5 13. dxe5 Nxe5 $13) 11... Nd5 (
11... dxe5 $2 12. dxe5 Nxe5 13. Qxd8+ Rxd8 14. Rxd8+ Kxd8 15. f4 Nfg4 16. Bd4
$16) (11... b4 12. Nce4 Nxe4 13. fxe4 dxe5 14. Qxb4 Rb8 15. Qa4 $40 {[%csl Gd7,
Re8]}) 12. Nxd5 (12. f4 $5 N7b6 (12... Nxe3 13. Qxe3 Nb6 (13... Qe7) 14. Bd3
Qe7 $13) 13. Nxd5 (13. Nce4 Nc4 14. Bxc4 bxc4 $15) 13... Nxd5 14. Rg1 $13)
12... Bxd5 13. exd6 $2 {Strategically very bad decision, since white exchanges
the very imortant e5-pawn, which was cutting black's dark-squared bishop and
black's knight from the game. Now black is getting a very nice and comfortable
play with good chances to create a serious attack.} (13. f4 $142 Nb6 {[%cal
Gb6c4]} 14. b3 $5 {leads to very complicated play, since black's king will be
unsafe even after small castle.} (14. Qa5 $143 Nc4 15. Bxc4 bxc4 16. Rhg1 Qd7
$15)) 13... cxd6 14. Bf4 {[%csl Gd6] Probably this was idea behind white's 13
exd6, to attack the d6-pawn.} Qb6 15. Qb4 $2 {Just loses time, since white can
hardly take on d6.} (15. Ne4 $142 O-O 16. Kb1 {[%csl Ga2]} (16. Bxd6 Rfc8 $17 {
[%csl Gd6][%cal Gd5a2,Gd5e4]}) (16. Nxd6 Rfd8 17. Ne4 Bxa2 $40) 16... Rfc8 $1 (
16... Rfd8 17. Be2 $13 {[%cal Gg2g4]}) 17. Nxd6 Rc6 18. Ne4 Rac8 $1 19. Nc3 Bc4
$44) 15... Rc8 $1 16. Kb1 (16. Qxd6 Qa5 $1 (16... Rc6 17. Qb4 (17. Qa3 b4)
17... Bxa2 18. Ne4 Bf8 $1 19. Qe1 Bd5 20. Nc3 Be7 $15) 17. Qa3 Qxa3 18. bxa3
Rc6 19. Ne4 O-O $17 {[%csl Ga2][%cal Gf8c8,Gd7b6]}) (16. Ne4 O-O 17. Qxd6 Qb7
$1 (17... Bxd4 18. Qxb6 Bxb6 19. Bd3 $11) 18. Nc3 Nb6 $44 {[%cal Gc8c6,Gf8c8]})
16... Rc6 $1 17. Be3 (17. Ne4 O-O 18. g4 (18. Be2 Rb8 {[%cal Ga6a5]} (18...
Rfc8 19. Nxd6)) (18. Nc3 Nf6 19. Bg5 Bc4 $17 {[%cal Ga6a5]}) 18... f5 $1 $17 (
18... hxg4 19. h5 $132)) (17. Be2 Nf6 18. Rhe1 O-O $17) 17... Nf6 18. Bd3 Bc4
$1 $17 {[%cal Gf6d5]} 19. Qe1 d5 (19... Nd5 20. Be4 b4 {[%cal Gd5c3] Is also
extremely dangerous for white}) 20. Rg1 {[%cal Gg2g4] White tries to create
some play} b4 21. g4 a5 22. Bf4 {[%cal Gf4e5]} (22. gxh5 Nxh5 {[%csl Gh4][%cal
Gg7d4]}) 22... Bxd3 23. Rxd3 (23. cxd3 b3 24. a3 Nxg4 $1 25. fxg4 Qxd4 {
[%csl Gb2][%cal Gd4f4]} 26. Qd2 Rc2) 23... Nd7 {Preventing Be5} 24. Be3 (24.
Qf2 a4) 24... Qc7 25. Qf2 Nf6 26. Bc1 Ke7 27. Re1 Rc8 28. Re2 Kf8 $1 (28... a4
$143 29. Bd2 $1 Rb8 (29... b3 30. Bb4+ Ke8 31. axb3 Rb8 32. Ba3 axb3 33. Rxb3
Rxb3 34. cxb3 Rc1+ 35. Ka2 $13) 30. Qe1 $1) 29. Qg2 a4 30. Rde3 Qb6 31. Rd3 b3
{The decisive blow, which easily breakes white's position.} 32. c3 (32. axb3
axb3 33. Rxb3 Qxb3 $1 34. cxb3 Rxc1+ 35. Ka2 Ra8#) 32... bxa2+ 33. Ka1 (33.
Kxa2 Qb3+ 34. Ka1 a3) 33... Rxc3 (33... a3) 34. Rxc3 Rxc3 35. Rc2 Rc4 (35...
Rb3 $2 36. Qh2 $1 {[%cal Gc2c8,Gc2c7]}) 36. Qd2 hxg4 (36... Rxd4 37. Rc8+ Ne8
38. Qe3 Rb4 $19) 37. fxg4 Nxg4 (37... a3 38. Rxc4 dxc4 39. Qf4 axb2+ 40. Bxb2
c3 41. Ba3+ Kg8 42. Kxa2 c2 $19) 38. Qf4 Nf6 ({I would prefer} 38... Nh6 {
[%cal Gh6f5]} 39. Nh7+ Kg8 40. Rxc4 dxc4 41. Nf6+ Kh8 $19 (41... Bxf6 42. Qxf6
Nf5 {is good too})) 39. Rxc4 dxc4 40. Kxa2 Kg8 (40... c3 41. bxc3 Qb3+ 42. Ka1
Qxc3+ 43. Bb2 Qc6 (43... Qb4 $2 44. Qc7 $40 {[%csl Gf8]}) 44. Qb8+ Ne8 $19) 41.
Ka1 Qd8 $1 {Black's king is still in danger and black needs some accurate
moves.} 42. Bd2 Bf8 43. d5 ({More stubborn was:} 43. Qf1 {[%csl Gc4] but still
after} a3 $1 44. Qxc4 axb2+ 45. Kxb2 Nd5 {black should be winning, since
white's king is very unsafe.}) 43... exd5 44. Bc3 Bg7 45. Ka2 Qe7 46. Qb8+ Ne8
47. Bb4 Qe5 48. Bd6 Qxb2+ (48... Qxb2+ 49. Qxb2 Bxb2 50. Kxb2 Nxd6 $19) 0-1

[Event "AUT-chT 9697"]
[Site "Austria"]
[Date "1996.??.??"]
[Round "9"]
[White "Grosar, Aljosa"]
[Black "Fauland, Alexander"]
[Result "0-1"]
[WhiteElo "2485"]
[BlackElo "2435"]
[Annotator "Balinov,I"]
[PlyCount "68"]
[EventDate "1996.??.??"]
[EventType "team"]
[EventRounds "11"]
[EventCountry "AUT"]
[SourceTitle "CBM 057 Extra"]
[Source "ChessBase"]
[SourceDate "1997.05.01"]
[SourceVersion "1"]
[SourceVersionDate "1997.05.01"]
[SourceQuality "1"]

1. e4 g6 2. d4 Bg7 3. Nc3 c6 4. Bc4 d6 5. Qf3 e6 6. Nge2 Nf6 7. h4 (7. g4 $5)
7... Nbd7 8. Bg5 e5 9. h5 h6 (9... exd4 10. h6 Bf8 11. Nxd4 Be7 12. Bb3 $16)
10. Be3 (10. hxg6 {I. Balinov} hxg5 11. Bxf7+ Kf8 12. Rxh8+ Bxh8 13. O-O-O exd4
14. Qh3 Bg7 15. Nxd4 Ne5 16. Ne6+ Bxe6 17. Qxe6 Qe7 $17) 10... g5 11. Bb3 exd4
12. Nxd4 Ne5 13. Qg3 (13. Qe2 $5 Neg4 14. Bd2 Nxh5 $2 15. Nf5 $18) 13... Neg4
14. O-O-O Nxe3 15. fxe3 Qe7 (15... O-O 16. e5 dxe5 17. Nxc6 $16) 16. Nf3 Ng4
17. Rxd6 O-O 18. Rd3 Ne5 19. Nxe5 Bxe5 20. Qf2 a5 21. a4 b6 22. Ne2 Ba6 23. Rd2
Bxe2 24. Qxe2 b5 25. Rhd1 (25. c3 bxa4 26. Bxa4 Bxc3 27. bxc3 Qa3+ 28. Rb2 Qa1+
29. Rb1 Qxa4 $17) 25... bxa4 26. Bxa4 Rab8 27. Bb3 a4 28. Rd7 Qc5 29. R1d5 cxd5
30. Bxd5 Bxb2+ 31. Kd1 Bc3 32. Qa6 Rb1+ 33. Ke2 Re1+ 34. Kf3 Qxe3+ 0-1